20 preguntas que debes formular a tu novia antes de casarte / (Registro nro. 54719)

Detalles MARC
000 -LEADER
campo de control de longitud fija 03929cam a22006374i 4500
003 - IDENTIFICADOR DE NÚMERO DE CONTROL
campo de control PE-LiUPU
005 - FECHA Y HORA DE LA ÚLTIMA TRANSACCIÓN
campo de control 20250731173428.0
008 - DATOS DE LONGITUD FIJA--INFORMACIÓN GENERAL
campo de control de longitud fija 150706s2011 pe r 000 0 spa d
020 ## - NÚMERO INTERNACIONAL ESTÁNDAR DEL LIBRO
Número Internacional Estándar del Libro 9789972604485
035 ## - NÚMERO DE CONTROL DEL SISTEMA
Número de control de sistema (Sirsi) a52121
040 ## - FUENTE DE CATALOGACIÓN
Centro catalogador/agencia de origen PE-LiUPU
Lengua de catalogación spa
Centro/agencia transcriptor PE-LiUPU
Normas de descripción rda
049 ## - FONDOS LOCALES (OCLC)
Biblioteca depositaria PRUA
082 04 - NÚMERO DE LA CLASIFICACIÓN DECIMAL DEWEY
Número de clasificación 261.835
Cutter B17
Número de edición 20
082 04 - NÚMERO DE LA CLASIFICACIÓN DECIMAL DEWEY
Número de clasificación 241.6765
Cutter B17
Número de edición 21
100 1# - ENTRADA PRINCIPAL--NOMBRE DE PERSONA
Nombre de persona Balabarca Cárdenas, Yván,
Término indicativo de función/relación autor.
245 10 - MENCIÓN DEL TÍTULO
Título 20 preguntas que debes formular a tu novia antes de casarte /
Mención de responsabilidad, etc. Yván Balabarca Cárdenas.
246 3# - FORMA VARIANTE DEL TITULO
Título propio/Titulo breve Veinte preguntas que debes formular a tu novia antes de casarte
250 ## - MENCION DE EDICION
Mención de edición 2a ed.
264 #1 - PRODUCCIÓN, PUBLICACIÓN, DISTRIBUCIÓN, FABRICACIÓN Y COPYRIGHT
Producción, publicación, distribución, fabricación y copyright Lima :
Nombre del de productor, editor, distribuidor, fabricante [Editorial Imprenta Unión],
Fecha de producción, publicación, distribución, fabricación o copyright 2011.
300 ## - DESCRIPCIÓN FÍSICA
Extensión 96 páginas ;
Dimensiones 20 centímetros
336 ## - TIPO DE CONTENIDO
Término de tipo de contenido text
Fuente rdacontent
337 ## - TIPO DE MEDIO
Nombre/término del tipo de medio unmediated
Fuente rdamedia
338 ## - TIPO DE SOPORTE
Nombre/término del tipo de soporte volume
Fuente rdacarrier
505 0# - NOTA DE CONTENIDO CON FORMATO
Nota de contenido con formato ¿Tus padres fueron violentos contigo? -- ¿Dónde piensas vivir? -- ¿Qué esperas de mí como cónyuge? -- ¿Cómo vas de salud? -- ¿Cómo manejas tus emociones negativas? -- ¿Qué número de hermano eres? -- ¿Tienes planes de seguir estudiando? -- ¿Cuántos amigos tienes? -- ¿Por qué es tan importante el noviazgo, no basta con ser enamorados? -- ¿Has sido adicto a algo? -- ¿Practicas tu cristianismo? -- ¿Cómo es tu día libre perfecto? -- ¿Cómo se tratan tus padres? -- ¿Cuántos hijos quieres tener? -- ¿Qué deportes practicas? -- ¿Cómo gastas tu dinero? -- ¿Qué esperas de mí como esposo o esposa? (Pregúntaselo de nuevo) -- ¿Tienes algún familiar enfermo? -- ¿Cómo vas de autoestima? -- Más temas de diálogo -- Tu matrimonio los 10 primeros años
526 ## - NOTA DE INFORMACIÓN SOBRE EL PROGRAMA DE ESTUDIO
Nombre del programa Segunda Especialidad En Profecías Bíblicas
526 ## - NOTA DE INFORMACIÓN SOBRE EL PROGRAMA DE ESTUDIO
Nombre del programa Segunda Especialidad En Nuevo Testamento
526 ## - NOTA DE INFORMACIÓN SOBRE EL PROGRAMA DE ESTUDIO
Nombre del programa Segunda Especialidad En Antiguo Testamento
526 ## - NOTA DE INFORMACIÓN SOBRE EL PROGRAMA DE ESTUDIO
Nombre del programa Segunda Especialidad En Estudios Adventistas
526 ## - NOTA DE INFORMACIÓN SOBRE EL PROGRAMA DE ESTUDIO
Nombre del programa Doctorado en teología
526 ## - NOTA DE INFORMACIÓN SOBRE EL PROGRAMA DE ESTUDIO
Nombre del programa Maestría en teología histórica
526 ## - NOTA DE INFORMACIÓN SOBRE EL PROGRAMA DE ESTUDIO
Nombre del programa Maestría en teología bíblica
526 ## - NOTA DE INFORMACIÓN SOBRE EL PROGRAMA DE ESTUDIO
Nombre del programa Maestría en teología
526 ## - NOTA DE INFORMACIÓN SOBRE EL PROGRAMA DE ESTUDIO
Nombre del programa Maestría en misionología
526 ## - NOTA DE INFORMACIÓN SOBRE EL PROGRAMA DE ESTUDIO
Nombre del programa Maestría en liderazgo eclesiástico
526 ## - NOTA DE INFORMACIÓN SOBRE EL PROGRAMA DE ESTUDIO
Nombre del programa Teología
596 ## -
-- 1 4
650 04 - PUNTO DE ACCESO ADICIONAL DE MATERIA--TÉRMINO DE MATERIA
Término de materia o nombre geográfico como elemento de entrada Noviazgo
Subdivisión general Cristianismo.
650 04 - PUNTO DE ACCESO ADICIONAL DE MATERIA--TÉRMINO DE MATERIA
Término de materia o nombre geográfico como elemento de entrada Matrimonio.
9 (RLIN) 2383
910 ## - DATOS DE OPCIÓN DEL USUARIO (OCLC)
Datos de opción del usuario gl
-- jv
-- jck
-- 20111213
942 ## - ELEMENTOS DE ENTRADA SECUNDARIOS (KOHA)
Fuente del sistema de clasificación o colocación Clasificación Decimal Dewey
Tipo de ítem Koha
949 ## - PROCESAMIENTO DE INFORMACIÓN LOCAL (OCLC)
a 241.6765 B17
w DEWEY
c 1
i 68414
l CCODEBUL1
m BUL
p 10.00
r 0
s Y
t LIBRO
u 2015-07-06
x BIBLIOTECA
z UNKNOWN
o .STAFF. Colección General
949 ## - PROCESAMIENTO DE INFORMACIÓN LOCAL (OCLC)
a 241.6765 B17
w DEWEY
c 2
i 66503
l CCODEBUL1
m BUL
p 07.00
r 0
s Y
t LIBRO
u 2015-07-06
x BIBLIOTECA
z UNKNOWN
o .STAFF. Colección General
949 ## - PROCESAMIENTO DE INFORMACIÓN LOCAL (OCLC)
a 241.6765 B17
w DEWEY
c 3
i 66504
l CCODEBUL1
m BUL
p 07.00
r 0
s Y
t LIBRO
u 2015-07-06
x BIBLIOTECA
z UNKNOWN
o .STAFF. Colección General
949 ## - PROCESAMIENTO DE INFORMACIÓN LOCAL (OCLC)
a 241.6765 B17
w LC
c 1
i CW00272
l CIW
m BUL
p 00.00
r 1
s Y
t BOOK
u 2017-03-23
x WHITE
z UNKNOWN
0 COMPRA
o .STAFF. Centro White
994 ## -
-- C0
-- PEPRU
999 ## - NÚMEROS DE CONTROL DE SISTEMA (KOHA)
-- DEWEY
-- 68414
-- LOST
-- BUL
-- 10.00
-- 1
-- Y
-- BOOK
-- 2015-7-6
-- TEOLOGIA
-- UNKNOWN
-- .STAFF. Colección General
999 ## - NÚMEROS DE CONTROL DE SISTEMA (KOHA)
-- DEWEY
-- 66503
-- 2018-11-16
-- 2021-11-10
-- 5
-- CCODEBUL1
-- BUL
-- 4
-- 7.00
-- 0
-- Y
-- BOOK
-- 2015-7-6
-- TEOLOGIA
-- UNKNOWN
-- COMPRA
-- .STAFF. Colección Teología
999 ## - NÚMEROS DE CONTROL DE SISTEMA (KOHA)
-- DEWEY
-- 66504
-- 2018-5-14
-- 2021-11-10
-- 5
-- CCODEBUL1
-- BUL
-- 7
-- 7.00
-- 0
-- Y
-- BOOK
-- 2015-7-6
-- TEOLOGIA
-- UNKNOWN
-- COMPRA
-- .STAFF. Colección General
999 ## - NÚMEROS DE CONTROL DE SISTEMA (KOHA)
-- DEWEY
-- CW00272
-- 2021-12-22
-- 2
-- CCODECWL1
-- BWL
-- 7.00
-- 0
-- Y
-- BOOK
-- 2017-3-23
-- WHITE
-- UNKNOWN
-- COMPRA
-- .STAFF. Centro White
999 ## - NÚMEROS DE CONTROL DE SISTEMA (KOHA)
-- DEWEY
-- CW00312
-- 2021-12-22
-- 2
-- CCODECWL1
-- BWL
-- 0
-- Y
-- BOOK
-- 2017-4-16
-- WHITE
-- UNKNOWN
-- COMPRA
-- .STAFF. Centro White
999 ## - NÚMEROS DE CONTROL DE SISTEMA (KOHA)
-- DEWEY
-- CW50975
-- 2021-12-22
-- 1
-- CCODECWL1
-- BWL
-- 10.00
-- 0
-- Y
-- BOOK
-- 2018-7-24
-- WHITE
-- UNKNOWN
-- COMPRA
-- .STAFF. Centro White
980 ## - EQUIVALENCIA O REFERENCIA-CRUZADA-MENCIÓN DE SERIE--NOMBRE DE PERSONA/TÍTULO [LOCAL, CANADÁ]
ID del último usuario que modificó el registro 1
Nombre del último usuario que modificó el registro ALBERTO SANCHEZ Responsable de Automatización
Existencias
Visto por última vez Número de inventario Total de préstamos Signatura topográfica completa Código de barras Fecha del último préstamo Copia número Coste, precio de reemplazo Fecha de reemplazo Facultad Tipo de ítem Koha Nota pública Estado de pérdida Fuente del sistema de clasificación o colocación Restricciones de uso No para préstamo Colección Programa académico Biblioteca de origen Biblioteca actual Ubicación en estantería Fecha de adquisición Fuente de adquisición Coste, precio normal de compra
2018-11-21 5 4 241.6765 B17 68414 2018-11-16 e1 15.00 2015-07-06   Libros físicos perdido o baja hasta el 2023-12-13 Perdido Clasificación Decimal Dewey Restringido No disponible para préstamos Colección General Teología Biblioteca CRAI UPeU Lima Biblioteca CRAI UPeU Lima Sala principal 2015-07-06 COMPRA 10.00
2025-12-03 6 7 241.6765 B17 66503 2018-05-14 e2 12.00 2015-07-06   Libros físicos inventario-2023-12-13 No Perdido Clasificación Decimal Dewey No restringido Disponible para préstamos Colección General Doctorado en teología Biblioteca CRAI UPeU Lima Biblioteca CRAI UPeU Lima Sala principal 2015-07-06 COMPRA 7.00
2025-12-03 3 1 241.6765 B17 66504 2023-04-10 e3 12.00 2015-07-06   Libros físicos inventario-2023-12-13 No Perdido Clasificación Decimal Dewey No restringido Disponible para préstamos Colección General Doctorado en teología Biblioteca CRAI UPeU Lima Biblioteca CRAI UPeU Lima Sala principal 2015-07-06 COMPRA 7.00